000 00603nam a2200241Ia 4500
003 OSt
005 20221007071433.0
006 a|||||r|||| 00| 0
007 ta
008 221006b |||||||| |||| 00| 0 eng d
024 _a26,786
037 _cTextual
040 _aFLL
_cFLL
_beng
041 _2eng
_aeng
082 _aT:Z3, L6
100 _aTaylor George
_9688759
245 0 _aLaw of education
250 _a8th
260 _aLondon
_bButterworths London
_c1976
300 _axxi,1-570p
_ccm.
942 _hT:Z3, L6
_cTEXL
_2CC
999 _c1143341
_d1143341